Song Title to Artist Click Quiz - Folk - Statistics

General Stats
  • This quiz has been taken 212 times
  • The average score is 9 of 20
Answer Stats
Hint Answer % Correct
Knocking on Heaven's Door Bob Dylan
78%
Bridge Over Troubled Water Simon & Garfunkel
78%
Hallelujah Leonard Cohen
71%
Big Yellow Taxi Joni Mitchell
62%
Ho Hey The Lumineers
54%
Wild World Cat Stevens
53%
Harvest Moon Neil Young
53%
This Land is Your Land Woody Guthrie
50%
I Will Wait Mumford & Sons
47%
Fire and Rain James Taylor
46%
Moondance Van Morrison
42%
Stick Season Noah Kahan
40%
Skinny Love Bon Iver
37%
Motion Sickness Phoebe Bridgers
32%
Between The Bars Elliott Smith
27%
Pink Moon Nick Drake
26%
Fourth of July Sufjan Stevens
25%
First Day of My Life Bright Eyes
22%
Vampire Empire Big Thief
21%
Mykonos Fleet Foxes
19%
No matching quizzes found
Score Distribution
Percent of People with Each Score
Percentile by Number Answered
Your Score History
You have not taken this quiz